<?xml version="1.0" encoding="UTF-8"?>
<record
    xmlns:xsi="http://www.w3.org/2001/XMLSchema-instance"
    xsi:schemaLocation="http://www.loc.gov/MARC21/slim http://www.loc.gov/standards/marcxml/schema/MARC21slim.xsd"
    xmlns="http://www.loc.gov/MARC21/slim">

  <leader>01256nam a2200217Ia 4500</leader>
  <controlfield tag="003">Ost</controlfield>
  <controlfield tag="005">20260507075257.0</controlfield>
  <controlfield tag="008">260507s9999||||xx |||||||||||||| ||und||</controlfield>
  <datafield tag="020" ind1=" " ind2=" ">
    <subfield code="a">1784779957</subfield>
  </datafield>
  <datafield tag="040" ind1=" " ind2=" ">
    <subfield code="c">fsecg</subfield>
  </datafield>
  <datafield tag="041" ind1=" " ind2=" ">
    <subfield code="a">ara</subfield>
  </datafield>
  <datafield tag="082" ind1=" " ind2=" ">
    <subfield code="a">330</subfield>
  </datafield>
  <datafield tag="100" ind1=" " ind2=" ">
    <subfield code="a">&#x623;&#x62D;&#x645;&#x62F; &#x623;&#x628;&#x648; &#x627;&#x644;&#x639;&#x632;&#x60C; &#x639;&#x644;&#x64A; &#x645;&#x62D;&#x645;&#x62F;</subfield>
    <subfield code="e">&#x645;&#x624;&#x644;&#x641;</subfield>
  </datafield>
  <datafield tag="245" ind1=" " ind2="0">
    <subfield code="a">&#x627;&#x644;&#x62A;&#x62C;&#x627;&#x631;&#x629; &#x627;&#x644;&#x627;&#x644;&#x643;&#x62A;&#x631;&#x648;&#x646;&#x64A;&#x629; &#x648; &#x623;&#x62D;&#x643;&#x627;&#x645;&#x647;&#x627; &#x641;&#x64A; &#x627;&#x644;&#x641;&#x642;&#x647; &#x627;&#x644;&#x627;&#x633;&#x644;&#x627;&#x645;&#x64A; /</subfield>
    <subfield code="c"> &#x639;&#x644;&#x64A; &#x645;&#x62D;&#x645;&#x62F; &#x623;&#x62D;&#x645;&#x62F; &#x623;&#x628;&#x648; &#x627;&#x644;&#x639;&#x632;</subfield>
  </datafield>
  <datafield tag="260" ind1=" " ind2=" ">
    <subfield code="a">&#x639;&#x645;&#x627;&#x646;: </subfield>
    <subfield code="b">&#x627;&#x644;&#x646;&#x641;&#x627;&#x626;&#x633;, </subfield>
    <subfield code="c">2007</subfield>
  </datafield>
  <datafield tag="300" ind1=" " ind2=" ">
    <subfield code="a">374  &#x635;&#x641;&#x62D;&#x629;&#x61B; </subfield>
    <subfield code="c">24 &#x633;&#x645;</subfield>
  </datafield>
  <datafield tag="520" ind1=" " ind2=" ">
    <subfield code="a">&#x627;&#x644;&#x62A;&#x62C;&#x627;&#x631;&#x629; &#x627;&#x644;&#x627;&#x644;&#x643;&#x62A;&#x631;&#x648;&#x646;&#x64A;&#x629; : &#x645;&#x641;&#x647;&#x648;&#x645;&#x647;&#x627; &#x648; &#x62A;&#x643;&#x64A;&#x64A;&#x641;&#x647;&#x627; &#x627;&#x644;&#x641;&#x642;&#x647;&#x64A; &#x648; &#x623;&#x647;&#x645;&#x64A;&#x62A;&#x647;&#x627; &#x648; &#x62E;&#x635;&#x627;&#x626;&#x635;&#x647;&#x627; &#x648; &#x645;&#x632;&#x627;&#x64A;&#x627;&#x647;&#x627; &#x648; &#x623;&#x634;&#x643;&#x627;&#x644;&#x647;&#x627; &#x648;&#x648;&#x627;&#x642;&#x639;&#x647;&#x627; &#x648; &#x645;&#x62E;&#x627;&#x637;&#x631;&#x647;&#x627; &#x648; &#x645;&#x639;&#x648;&#x642;&#x627;&#x62A;&#x647; &#x648; &#x62D;&#x643;&#x645;&#x647;&#x627; &#x648; &#x645;&#x642;&#x627;&#x635;&#x62F; &#x627;&#x644;&#x634;&#x631;&#x64A;&#x639;&#x629; &#x641;&#x64A;&#x647;&#x627; &#x60C; &#x639;&#x642;&#x62F; &#x627;&#x644;&#x62A;&#x62C;&#x627;&#x631;&#x629; &#x627;&#x644;&#x627;&#x644;&#x643;&#x62A;&#x631;&#x648;&#x646;&#x64A;&#x629; : &#x645;&#x641;&#x647;&#x648;&#x645;&#x647; &#x648; &#x623;&#x631;&#x643;&#x627;&#x646;&#x647; &#x648; &#x632;&#x645;&#x627;&#x646;&#x647; &#x648; &#x645;&#x643;&#x627;&#x646;&#x647; &#x648; &#x627;&#x644;&#x622;&#x62B;&#x627;&#x631; &#x627;&#x644;&#x645;&#x62A;&#x631;&#x62A;&#x628;&#x629; &#x639;&#x644;&#x64A;&#x647; &#x60C; &#x648;&#x633;&#x627;&#x626;&#x644; &#x625;&#x62B;&#x628;&#x627;&#x62A; &#x639;&#x642;&#x62F; &#x627;&#x644;&#x62A;&#x62C;&#x627;&#x631;&#x629; &#x627;&#x644;&#x627;&#x644;&#x643;&#x62A;&#x631;&#x648;&#x646;&#x64A;&#x629; &#x648; &#x62D;&#x643;&#x645; &#x625;&#x62B;&#x628;&#x627;&#x62A; &#x647;&#x630;&#x627; &#x627;&#x644;&#x639;&#x642;&#x62F; &#x639;&#x628;&#x631; &#x627;&#x644;&#x627;&#x646;&#x62A;&#x631;&#x646;&#x64A;&#x62A; .</subfield>
  </datafield>
  <datafield tag="653" ind1=" " ind2=" ">
    <subfield code="a">&#x627;&#x644;&#x625;&#x642;&#x62A;&#x635;&#x627;&#x62F; &#x627;&#x644;&#x625;&#x633;&#x644;&#x627;&#x645;&#x64A;</subfield>
  </datafield>
  <datafield tag="653" ind1=" " ind2=" ">
    <subfield code="a">&#x627;&#x644;&#x62A;&#x62C;&#x627;&#x631;&#x629; &#x640;&#x640; &#x627;&#x644;&#x641;&#x642;&#x647; &#x627;&#x644;&#x627;&#x633;&#x644;&#x627;&#x645;&#x64A;</subfield>
  </datafield>
  <datafield tag="942" ind1=" " ind2=" ">
    <subfield code="c">&#x643;&#x62A;&#x627;&#x628;</subfield>
  </datafield>
  <datafield tag="952" ind1=" " ind2=" ">
    <subfield code="0">0</subfield>
    <subfield code="1">0</subfield>
    <subfield code="2">ddc</subfield>
    <subfield code="4">0</subfield>
    <subfield code="7">-1</subfield>
    <subfield code="a">fsecg</subfield>
    <subfield code="b">fsecg</subfield>
    <subfield code="d">2026-05-07</subfield>
    <subfield code="h">&#x627;&#x644;&#x637;&#x627;&#x628;&#x642; &#x627;&#x644;&#x623;&#x631;&#x636;&#x64A;</subfield>
    <subfield code="i">2011/12560</subfield>
    <subfield code="l">0</subfield>
    <subfield code="o">&#x623;/3789&#x646;1</subfield>
    <subfield code="p">2011/12560</subfield>
    <subfield code="r">2026-05-07 07:52:57</subfield>
    <subfield code="w">2026-05-07</subfield>
    <subfield code="y">&#x643;&#x62A;&#x627;&#x628;</subfield>
  </datafield>
  <datafield tag="952" ind1=" " ind2=" ">
    <subfield code="0">0</subfield>
    <subfield code="1">0</subfield>
    <subfield code="2">ddc</subfield>
    <subfield code="4">0</subfield>
    <subfield code="7">0</subfield>
    <subfield code="a">fsecg</subfield>
    <subfield code="b">fsecg</subfield>
    <subfield code="d">2026-05-07</subfield>
    <subfield code="h">&#x627;&#x644;&#x637;&#x627;&#x628;&#x642; &#x627;&#x644;&#x623;&#x631;&#x636;&#x64A;</subfield>
    <subfield code="i">2011/12561</subfield>
    <subfield code="l">0</subfield>
    <subfield code="o">&#x623;/3789&#x646;2</subfield>
    <subfield code="p">2011/12561</subfield>
    <subfield code="r">2026-05-07 07:52:57</subfield>
    <subfield code="w">2026-05-07</subfield>
    <subfield code="y">&#x643;&#x62A;&#x627;&#x628;</subfield>
  </datafield>
  <datafield tag="952" ind1=" " ind2=" ">
    <subfield code="0">0</subfield>
    <subfield code="1">0</subfield>
    <subfield code="2">ddc</subfield>
    <subfield code="4">0</subfield>
    <subfield code="7">0</subfield>
    <subfield code="a">fsecg</subfield>
    <subfield code="b">fsecg</subfield>
    <subfield code="d">2026-05-07</subfield>
    <subfield code="h">&#x627;&#x644;&#x637;&#x627;&#x628;&#x642; &#x627;&#x644;&#x62B;&#x627;&#x646;&#x64A;</subfield>
    <subfield code="i">2011/12562</subfield>
    <subfield code="l">0</subfield>
    <subfield code="o">&#x623;/3789&#x646;3</subfield>
    <subfield code="p">2011/12562</subfield>
    <subfield code="r">2026-05-07 07:52:57</subfield>
    <subfield code="w">2026-05-07</subfield>
    <subfield code="y">&#x643;&#x62A;&#x627;&#x628;</subfield>
  </datafield>
  <datafield tag="952" ind1=" " ind2=" ">
    <subfield code="0">0</subfield>
    <subfield code="1">0</subfield>
    <subfield code="2">ddc</subfield>
    <subfield code="4">0</subfield>
    <subfield code="7">0</subfield>
    <subfield code="a">fsecg</subfield>
    <subfield code="b">fsecg</subfield>
    <subfield code="d">2026-05-07</subfield>
    <subfield code="h">&#x627;&#x644;&#x637;&#x627;&#x628;&#x642; &#x627;&#x644;&#x62B;&#x627;&#x646;&#x64A;</subfield>
    <subfield code="i">2011/12563</subfield>
    <subfield code="l">0</subfield>
    <subfield code="o">&#x623;/3789&#x646;4</subfield>
    <subfield code="p">2011/12563</subfield>
    <subfield code="r">2026-05-07 07:52:57</subfield>
    <subfield code="w">2026-05-07</subfield>
    <subfield code="y">&#x643;&#x62A;&#x627;&#x628;</subfield>
  </datafield>
  <datafield tag="999" ind1=" " ind2=" ">
    <subfield code="c">43759</subfield>
    <subfield code="d">43759</subfield>
  </datafield>
</record>
